000
00195 a2200097 4500
001
8407
100
_a
Greay, T
245
_a
Great Poetry & Precis
260
_a
_b
Oxford
_c
090
_c
6777
_d
6777
942
_a
NUST-CAE
_c
M
_c
33352
999
_c
243480
_d
243480